000 00543nam a2200217Ia 4500
008 101110s9999 xx 000 0 und d
041 _aENGLISH
082 _bSR29749
100 _aChopde L.N.; Choudhari D.H. and others
245 _aCost accounting (TYBCOM)
260 _c2008
_bSheth Publishers, Mumbai
300 _a594
365 _b160
520 _aCommerce
546 _aENGLISH
630 _aCost accounting (TYBCOM)
650 _aCommerce
655 _aCommerce
730 _aCost accounting (TYBCOM)
942 _cBOOK
999 _c822257
_d822254